000 00675ngm a2200313 a 4500
003 OSt
005 20251020182657.0
008 240217s9999 xx 000 0 und d
040 _aPE SENCICO BE
040 _cPE SENCICO BE
041 _aspa
082 _aH008
245 0 _aVivienda barata:
245 0 _bPaneles de estera /
245 0 _cUNICEF
260 _aLima
260 _bUNICEF
260 _cNo precisa
300 _a1 VIDEO
300 _bson., Col.
300 _c11'
490 _aMATERIALES NO CONVENCIONALES
650 _aESTERAS
650 _aVIVIENDA
650 _aVIVIENDA
651 _aPERÚ
910 _aila.
942 _cVID
_2ddc
999 _c4725
_d4725